| 000 | 00566nam a2200181Ia 4500 | ||
|---|---|---|---|
| 008 | 230921s9999||||xx |||||||||||||| ||und|| | ||
| 020 | _a978-3-658-23313-6 | ||
| 022 | _a2625-7009 | ||
| 041 | _aEN | ||
| 100 | _aVera Köpsel | ||
| 245 | 0 | _aNew Spaces for Climate Change | |
| 250 | _a1st ed. 2019 | ||
| 260 |
_c2019 _bSpringer Fachmedien Wiesbaden |
||
| 440 | _aRaumFragen: Stadt – Region – Landschaft | ||
| 856 | _uhttps://doi.org/10.1007/978-3-658-23313-6 | ||
| 856 | _uhttps://link.springer.com/openurl?genre=book&isbn=978-3-658-23313-6 | ||
| 942 | _cEB | ||
| 999 |
_c252116 _d252116 |
||